| 000 | 05399cam a22012734i 4500 | ||
|---|---|---|---|
| 003 | PE-LiUPU | ||
| 005 | 20250813185419.0 | ||
| 008 | 180604s2015 mx a rb 001 0 spa d | ||
| 020 | _a6079356589 | ||
| 020 | _a9786079356583 | ||
| 035 | _a(Sirsi) a248027 | ||
| 040 |
_aPE-LiUPU _bspa _cPE-LiUPU _erda |
||
| 049 | _aPRUA | ||
| 082 | 0 | 4 |
_a362.1068 _bF17 _220 |
| 100 | 1 |
_aFajardo Ortiz, Gillermo, _eautor. |
|
| 245 | 1 | 0 |
_aGerencia y administración estratégica de la atención médica / _cGuillermo Fajardo Ortiz. |
| 264 | 1 |
_aMéxico : _bMédica Panamericana, _c2015. |
|
| 300 |
_axxii, 676 páginas : _bilustraciones ; _c23 centímetros |
||
| 336 |
_atext _2rdacontent |
||
| 337 |
_aunmediated _2rdamedia |
||
| 338 |
_avolume _2rdacarrier |
||
| 504 | _aBibliografía al final de cada cápitulo. | ||
| 504 | _aÍndice : páginas 661-676. | ||
| 505 | 0 | _aToma de conciencia -- Los Corpus de la gerencia en la atención médica -- Perspectiva de la atención hospitalaria en América Latina -- La atención médica y sus establecimientos -- El paciente -- Diagnóstico de salud -- Gobernanza y gobernabilidad en atención médica -- Inequidades y exclusiones de la atención médica -- La gerencia de la atención primaria en salud -- Políticas de salud en América Latina y España -- Sistemas de salud y gerencia de la atención médica -- Salud pública y gerencia de la atención médica - El proceso -- El pensamiento del gerente de la atención médica -- La ética aplicada a la gerencia de la atención médica -- Liderazgo gerencial en la atención médica -- Gerencia de la atención médica basada en evidencias -- Gerencia estratégica en la atención médica -- Gerencia de procesos en la atención médica -- La gerencia de la atención médica y las ciencias de la complejidad -- Competencias del gerente en atención médica - Bitácoras -- Teorías de la administración clásica y gerencia aplicadas a la atención médica -- Planeación de la atención médica -- La unidad médica sustentable -- La calidad en la atención médica, cultura de calidad y seguridad del paciente -- La implementación de la calidad -- Certificación de establecimientos médicos -- Guías de práctica clínica en la gerencia de atención médica -- Estadísticas de la atención médica - Recursos -- Gestión financiera en la atención médica -- Recursos materiales en la atención médica -- Gestión del capital humano en salud -- La importancia de la comunicación en la gerencia de la atención médica -- Tecnologías de la información para la gerencia y dirección -- Insatisfacción, inconformidad y queja, elementos de la gestión de los servicios de salud -- Responsabilidades legales del directivo de la atención médica -- Conceptos básicos de economía de la salud -- Farmacoeconomía para directivos médicos -- Mercadotecnia en la gerencia de la atención médica -- La atención médica en los desastres. Protección civil -- La gerencia en la salud en el trabajo -- Nuevos paradigmas en la gerencia de la atención y cuidado de la salud - Anexos -- Acotaciones en cuanto a la gerencia de la atención médica -- Control interno -- Hospitales en redes integradas. | |
| 526 | _aP202 | ||
| 526 | _aP201 | ||
| 526 | _aP163 | ||
| 526 | _aP162 | ||
| 526 | _aP161 | ||
| 526 | _aP160 | ||
| 526 | _aP148 | ||
| 526 | _aP147 | ||
| 526 | _aP146 | ||
| 526 | _aP145 | ||
| 526 | _aP144 | ||
| 526 | _aP143 | ||
| 526 | _aP142 | ||
| 526 | _aP141 | ||
| 526 | _aP140 | ||
| 526 | _aP139 | ||
| 526 | _aP138 | ||
| 526 | _aP137 | ||
| 526 | _aP136 | ||
| 526 | _aP135 | ||
| 526 | _aP134 | ||
| 526 | _aP133 | ||
| 526 | _aP129 | ||
| 526 | _aP128 | ||
| 526 | _aP127 | ||
| 526 | _aP120 | ||
| 526 | _aP119 | ||
| 526 | _aP118 | ||
| 526 | _aP116 | ||
| 526 | _aP115 | ||
| 526 | _aP114 | ||
| 526 | _aP110 | ||
| 526 | _aP109 | ||
| 526 | _aP108 | ||
| 526 | _aP104 | ||
| 526 | _aP103 | ||
| 526 | _aP102 | ||
| 526 | _aP99 | ||
| 526 | _aP98 | ||
| 526 | _aP97 | ||
| 526 | _aP96 | ||
| 526 | _aP95 | ||
| 526 | _aP93 | ||
| 526 | _aP90 | ||
| 526 | _aP89 | ||
| 526 | _aP88 | ||
| 526 | _aP83 | ||
| 526 | _aP82 | ||
| 526 | _aP62 | ||
| 526 | _aP59 | ||
| 526 | _aP58 | ||
| 526 | _aP57 | ||
| 526 | _aP51 | ||
| 526 | _aP49 | ||
| 526 | _aP48 | ||
| 526 | _aP47 | ||
| 526 | _aP29 | ||
| 526 | _aP24 | ||
| 526 | _aP20 | ||
| 526 | _aP19 | ||
| 526 | _aP17 | ||
| 526 | _aP15 | ||
| 526 | _aP14 | ||
| 526 | _aP12 | ||
| 526 | _aP10 | ||
| 526 | _aP09 | ||
| 526 | _aP08 | ||
| 526 | _aP07 | ||
| 526 | _aP06 | ||
| 526 | _aP05 | ||
| 526 | _aP04 | ||
| 526 | _aP01 | ||
| 541 | _g002-00000056; | ||
| 650 | 0 | 4 | _aAsistencia médica. |
| 650 | 0 | 4 |
_aSalud, Servicios de _x Calidad _x Control. |
| 650 | 0 | 4 |
_aSalud, Servicios de _x Administración. |
| 650 | 0 | 4 | _aMedical assistance. |
| 650 | 0 | 4 |
_aHealth, Services _x Quality _x Control. |
| 650 | 0 | 4 |
_aHealth, Services _ x Administration. |
| 910 |
_adbm _bcsm _ccsm _d20180604 |
||
| 942 |
_2ddc _cBOOK |
||
| 994 |
_aC0 _bPEPRU |
||
| 596 | _a1 | ||
| 999 |
_a362.1068 F17 _wDEWEY _c28335 _i78717 _d28335 _e2018-10-24 _f2021-11-3 _g4 _lCCODEBUL1 _mBUL _n1 _p77.64 _r0 _sY _tBOOK _u2018-6-4 _xSALUD _PP22 _0COMPRA _1FCOMPRA _o.STAFF. Colección Ciencias de la Salud |
||
| 980 |
_81 _gALBERTO SANCHEZ Responsable de Automatización |
||